00496nam a2200193 a 4500001001000000003000500010005001700015008004100032010001100073011001100084020001800095040000900113082001600122245004500138260004700183300002400230650002500254700002300279000108097CHAP20220329143957.0131204s2011 enk |r| ||||||eng d a104559 a105531 a9780199533923 cCHAP04a616.07bS5200aCytopathology /ceditado por Shambayati. aOxford :bOxford University Press,cc2011. axvii, 417 p. :bil.14aPatología celular.1 aShambayati, Behdad